Logo BPK

Biblioteka

Politechniki Koszalińskiej

Kodeks cywilny z przepisami wykonawczymi ; Kodeks rodzinny i opiekuńczy ; Prawo prywatne międzynarodowe. (Rekord nr 28373)

Szczegóły MARC
000 -ETYKIETA REKORDU
podpole kontrolne o stałej długości 00395nam a2200133 i 4500
001 - NUMER KONTROLNY REKORDU
pole kontrolne bg
040 ## - ŹRÓDŁO KATALOGOWANIA
Instytucja, która utworzyła rekord BPK
041 ## - KOD JĘZYKA
Kod języka tekstu pol
008 - POLE O STAŁEJ DŁUGOŚCI - DANE KONTROLNE
podpole kontrolne o stałej długości s pl f |000 0 pol
245 #0 - TYTUŁ/ODPOWIEDZIALNOŚĆ
Tytuł Kodeks cywilny z przepisami wykonawczymi ; Kodeks rodzinny i opiekuńczy ; Prawo prywatne międzynarodowe.
250 ## - STREFA WYDANIA
Oznaczenie wydania Stan prawny na dzień 10 grudnia 1985 r.
260 ## - STREFA ADRESU WYDAWNICZEGO
Miejsce wydania Warszawa,
Data publikacji, dystrybucji/powstania dokumentu 1986.
856 ## - LOKALIZACJA I DOSTĘP DO ELEKTRONICZNYCH DOKUMENTÓW ZDALNYCH
Link (URL) http://koha.tu.koszalin.pl/cgi-bin/koha/opac-detail.pl?biblionumber=28373
Tekst linku Katalog online BPK
942 ## - DODATKOWE ELEMENTY (KOHA)
Typ dokumentu Książka
Egzemplarze
Wycofany Status egzemplarza Uszkodzony Dostępność Lokalizacja stała Lokalizacja bieżąca Miejsce przechowywania Sygnatura Kod kreskowy Typ dokumentu
      Dostępny Biblioteka Politechniki Koszalińskiej Biblioteka Politechniki Koszalińskiej Wypożyczalnia BG 32867 01801880 Książka
      Dostępny Biblioteka Politechniki Koszalińskiej Biblioteka Politechniki Koszalińskiej Wypożyczalnia BG 32868 02069876 Książka
© 2023 Biblioteka Politechniki Koszalińskiej :: KOHA